[Event "AUTO-ADV-2415"]
[Site "http://www.queenalice.com/game.php?id=1030970"]
[Date "2012.2.18"]
[Round "1"]
[White "folhadepapel"]
[Black "Slorche"]
[Result "0-1"]
[WhiteElo "1866"]
[BlackElo "1670"]

1. d4 d5 2. c4 dxc4 3. Nc3 e6 4. e4 Be7 5. Nf3 Nf6 6. Bxc4 Bd7 7. Bg5 Ng4 8.
Bxe7 Qxe7 9. h3 Nf6 10. e5 Ng8 11. O-O Nh6 12. d5 O-O 13. Qb3 b6 14. Rad1 Qe8
15. Ng5 a5 16. dxe6 Bxe6 17. Nxe6 fxe6 18. Bxe6+ Kh8 19. Rd3 Na6 20. Bd7 Qe7 21.
Qd5 Nc5 22. Rd2 Rad8 0-1

[Event "AUTO-ADV-2415"]
[Site "http://www.queenalice.com/game.php?id=1030971"]
[Date "2012.2.18"]
[Round "1"]
[White "Slorche"]
[Black "andrevillares"]
[Result "1-0"]
[WhiteElo "1725"]
[BlackElo "1758"]

1. e4 c6 2. d4 d5 3. e5 Bf5 4. Be2 e6 5. Bd3 Bxd3 6. Qxd3 Ne7 7. Bd2 Nf5 8. Nf3
Nd7 9. O-O Be7 10. Bc3 O-O 11. Nbd2 c5 12. b3 cxd4 13. Nxd4 Nxe5 14. Qb5 Nd6 15.
Qe2 Bf6 16. Rab1 Ng6 17. Bb2 Nf4 18. Qd1 e5 19. N4f3 Re8 20. Re1 e4 21. Nd4 Be5
22. Ne2 Qg5 23. Nxf4 Bxf4 24. Bc1 d4 25. Nf1 e3 26. fxe3 1-0

[Event "AUTO-ADV-2415"]
[Site "http://www.queenalice.com/game.php?id=1030972"]
[Date "2012.2.18"]
[Round "1"]
[White "andrevillares"]
[Black "Slorche"]
[Result "0-1"]
[WhiteElo "1741"]
[BlackElo "1742"]

1. d4 d5 2. c4 dxc4 3. e4 e6 4. Bxc4 Be7 5. Nf3 Bd7 6. O-O Bc6 7. Nc3 Nf6 8. Re1
O-O 9. Bf4 a6 10. d5 exd5 11. exd5 Be8 12. Rc1 Bd6 13. Bg5 Nbd7 14. Nd4 h6 15.
Bh4 Qc8 16. Nf5 Ne5 17. Nxd6 cxd6 18. Bb3 Qf5 19. Bc2 Qf4 20. Bg3 Qg4 21. f3 Qb4
22. Ne4 Nxe4 23. Rxe4 Qxb2 24. Bxe5 dxe5 25. d6 Bc6 26. Rg4 Qb6+ 0-1

[Event "Otaku's game"]
[Site "http://www.queenalice.com/game.php?id=1036455"]
[Date "2012.3.6"]
[Round "-"]
[White "Slorche"]
[Black "Enxadrista_A"]
[Result "1-0"]
[WhiteElo "1707"]
[BlackElo "1718"]

1. e4 c5 2. d3 d6 3. Bd2 Nc6 4. Be2 Nf6 5. Bc3 Nd4 6. Bf1 g6 7. Nf3 Bg4 8. Nbd2
Bg7 9. Be2 Bxf3 10. Nxf3 Qb6 11. O-O O-O 12. b3 Nd7 13. Nxd4 cxd4 14. Bb2 Rac8
15. a4 Qb4 16. Rc1 Nb6 17. Qe1 Qc5 18. Bf3 e6 19. Bd1 e5 20. Ra1 a5 21. Ba3 Qc6
22. Qxa5 Ra8 23. Qb5 Qxb5 24. axb5 Rfd8 25. Bb2 Rxa1 26. Bxa1 d5 27. Be2 Rc8 28.
Bd1 Ra8 29. Bf3 Ra2 30. c4 dxe4 31. Bxe4 Ra7 32. g4 Bh6 33. Bb2 Nd7 34. Ra1
Rxa1+ 35. Bxa1 b6 36. h4 Bd2 37. Kf1 1-0

[Event "Let's Play Chess!"]
[Site "http://www.queenalice.com/game.php?id=1055142"]
[Date "2012.5.2"]
[Round "-"]
[White "Slorche"]
[Black "igorjava"]
[Result "0-1"]
[WhiteElo "1677"]
[BlackElo "1939"]

1. e4 c5 2. d3 d6 3. Be2 Nf6 4. Bd2 Nc6 5. Nf3 e5 6. O-O Be7 7. Nc3 O-O 8. Nd5
Be6 9. Nxf6+ Bxf6 10. Bc3 a6 11. a3 a5 12. a4 Qc7 13. Rb1 Be7 14. b3 Kh8 15. Bb2
f5 16. Nd2 f4 17. Nf3 Nd4 18. Nxd4 cxd4 19. Qd2 g5 20. Rfc1 Qd8 21. Qd1 Rg8 22.
Bg4 Qd7 23. Bxe6 Qxe6 24. c4 b6 25. Rc2 g4 0-1

[Event "Brazil"]
[Site "http://www.queenalice.com/game.php?id=1055260"]
[Date "2012.5.2"]
[Round "-"]
[White "kinghenry"]
[Black "Slorche"]
[Result "0-1"]
[WhiteElo "1701"]
[BlackElo "1743"]

1. b3 e5 2. Bb2 d6 3. e3 Bd7 4. d3 Be7 5. Nf3 Bf6 6. d4 exd4 7. Bxd4 Nc6 8. c3
Nxd4 9. cxd4 Ne7 10. Nc3 c6 11. Bd3 O-O 12. Qc2 Ng6 13. h3 Qc8 14. g4 b5 15.
O-O-O a5 16. Rh2 c5 17. dxc5 dxc5 18. Bxb5 Bxb5 19. Nxb5 Qc6 20. a4 Qxf3 21. Rd7
Qc6 22. Rc7 Qf3 23. Rxc5 Be5 24. Nd4 Qb7 25. Rb5 Qd7 26. Rh1 Rac8 27. Rxa5 Rxc2+
28. Nxc2 Qc7 29. b4 Rc8 30. Rc5 Qb7 31. Rd1 Rxc5 32. bxc5 h6 33. Rd8+ Kh7 34. f4
Bb2+ 35. Kd2 Qa7 36. c6 Qa5+ 37. Kd1 Qxd8+ 38. Ke2 Qc7 39. Nb4 Ba3 40. Nc2 Bc5
41. Nb4 Bxb4 0-1

[Event "Slorche"]
[Site "http://www.queenalice.com/game.php?id=1055262"]
[Date "2012.5.2"]
[Round "-"]
[White "Slorche"]
[Black "Ramoalid_liempten"]
[Result "1-0"]
[WhiteElo "1667"]
[BlackElo "2100"]

1. d4 Nc6 2. e3 d5 3. Be2 a6 4. Nf3 Bf5 5. c3 e6 6. O-O Bd6 7. Bd3 Nh6 8. Bxf5
Nxf5 9. Nbd2 O-O 10. e4 dxe4 11. Nxe4 h6 12. Qe2 Nce7 13. Nxd6 Qxd6 14. Qe4 c6
15. Ne5 b5 16. Bf4 Qd5 17. Qd3 Rad8 18. Qh3 Qe4 19. Bd2 1-0

[Event "Death Note"]
[Site "http://www.queenalice.com/game.php?id=1055263"]
[Date "2012.5.2"]
[Round "-"]
[White "spawnwolfwolverine"]
[Black "Slorche"]
[Result "1-0"]
[WhiteElo "1721"]
[BlackElo "1761"]

1. d4 d5 2. e3 e6 3. g3 Bd7 4. Bg2 Bc6 5. Nf3 Nd7 6. O-O Be7 7. b3 Bf6 8. Bb2
Ne7 9. Nbd2 O-O 10. c4 dxc4 11. Nxc4 a6 12. a4 Rb8 13. b4 b6 14. Ba3 Re8 15.
Nfe5 Bxg2 16. Kxg2 Bxe5 17. Nxe5 Nxe5 18. dxe5 Qd5+ 19. Qxd5 Nxd5 20. b5 a5 21.
Rac1 Rbc8 22. h4 Red8 23. g4 Rd7 24. Rfd1 h6 25. e4 Nf4+ 26. Kf3 Rxd1 27. Rxd1
Ng6 28. Bb2 Nxh4+ 29. Kg3 Ng6 30. f4 c5 31. bxc6 Rxc6 32. f5 exf5 33. exf5 Ne7
34. f6 gxf6 35. exf6 Nc8 36. Rd8+ Kh7 37. Kh4 Kg6 38. Rg8+ Kh7 39. Rg7+ Kh8 40.
Rxf7 Nd6 41. Rd7 Kg8 42. Kh5 Nf7 43. Rb7 Re6 44. Kg6 Ne5+ 45. Kf5 Re8 46. Bxe5
Rf8 47. Rxb6 1-0

[Event "Brasil!!!!"]
[Site "http://www.queenalice.com/game.php?id=1055659"]
[Date "2012.5.4"]
[Round "-"]
[White "spawnwolfwolverine"]
[Black "Slorche"]
[Result "1-0"]
[WhiteElo "1709"]
[BlackElo "1721"]

1. d4 d5 2. e3 e6 3. g3 Be7 4. Bg2 Bd7 5. Nf3 Nc6 6. O-O Nf6 7. b3 O-O 8. a4 a6
9. Ba3 Bxa3 10. Nxa3 Rb8 11. c4 dxc4 12. Nxc4 b5 13. axb5 axb5 14. Nce5 Nxe5 15.
Nxe5 Qe8 16. Nxd7 Qxd7 17. b4 Nd5 18. Bxd5 Qxd5 19. Ra5 Ra8 20. Qa1 Rxa5 21.
Qxa5 Qb7 22. Rc1 c6 23. Qa3 Ra8 24. Qc3 Rc8 25. e4 Qd7 26. f4 h6 27. h4 Kf8 28.
g4 f6 29. g5 fxg5 30. hxg5 h5 31. g6 Qe8 32. f5 exf5 33. Qc5+ Qe7 34. Qxe7+ Kxe7
35. exf5 Kf6 36. Rf1 Rd8 37. Rf4 Kg5 38. Re4 Kxf5 39. Re5+ Kxg6 40. Re4 Kf5 41.
Rh4 g6 42. Kg2 Ra8 43. Kf3 Ra4 44. Rf4+ Ke6 45. Ke3 g5 46. Re4+ Kf6 47. Kd3 Rxb4
48. d5 Rxe4 49. Kxe4 cxd5+ 50. Kxd5 1-0

[Event "Wolf"]
[Site "http://www.queenalice.com/game.php?id=1056109"]
[Date "2012.5.4"]
[Round "-"]
[White "fflores"]
[Black "Slorche"]
[Result "1-0"]
[WhiteElo "1610"]
[BlackElo "1693"]

1. e4 e5 2. Nf3 d6 3. Nc3 Bd7 4. Bc4 Qe7 5. Nd5 Qd8 6. O-O Ne7 7. Nxe7 Bxe7 8.
d3 O-O 9. d4 exd4 10. Nxd4 a6 11. c3 Nc6 12. Nxc6 Bxc6 13. Bd5 Bxd5 14. exd5 Bf6
15. Re1 Qd7 16. Be3 Qb5 17. Rb1 Qa5 18. Qb3 b6 19. a4 b5 20. axb5 Qxb5 21. Qxb5
axb5 22. Ra1 Rxa1 23. Rxa1 Rb8 24. Bd4 Bxd4 25. cxd4 f6 26. Ra7 Rc8 27. g3 c5
28. dxc6 Rxc6 29. Rb7 Rc4 30. Rxb5 Rxd4 31. Rb7 h6 32. Kg2 Kh7 33. Kf3 h5 34.
Ke3 Rd5 35. b4 Kh6 36. h4 g5 37. hxg5+ 1-0

[Event "Jogo da Amizade"]
[Site "http://www.queenalice.com/game.php?id=1058618"]
[Date "2012.5.11"]
[Round "-"]
[White "Venturaxadrez"]
[Black "Slorche"]
[Result "0-1"]
[WhiteElo "1391"]
[BlackElo "1757"]

1. e4 e5 2. Nf3 d6 3. d4 exd4 4. Bc4 Nc6 5. Ng5 Ne5 6. Qxd4 Nf6 7. f4 c5 8. Qd2
Nxc4 9. Qc3 Qa5 10. Qxa5 Nxa5 11. Bd2 Nc6 0-1

[Event "Jogo da Amizade"]
[Site "http://www.queenalice.com/game.php?id=1058619"]
[Date "2012.5.11"]
[Round "-"]
[White "Slorche"]
[Black "Venturaxadrez"]
[Result "1-0"]
[WhiteElo "1759"]
[BlackElo "1389"]

1. d4 Nf6 2. Nf3 e6 3. e3 b6 4. Be2 Bb7 5. O-O Be7 6. Bd2 O-O 7. Ne5 d6 8. Bf3
Bxf3 9. Nxf3 Nbd7 10. Nc3 a6 11. a3 c5 12. dxc5 1-0

[Event "1 x 0"]
[Site "http://www.queenalice.com/game.php?id=1063978"]
[Date "2012.5.25"]
[Round "-"]
[White "DenisDiaz"]
[Black "Slorche"]
[Result "1-0"]
[WhiteElo "1978"]
[BlackElo "1681"]

1. e4 e5 2. Nf3 d6 3. d4 exd4 4. Nxd4 Bd7 5. f4 Nc6 6. Nc3 Be7 7. a3 Bf6 8. Be3
Nxd4 9. Bxd4 Bxd4 10. Qxd4 Nf6 11. h3 O-O 12. O-O-O Bc6 13. Bd3 Qd7 14. g4 a6
15. Nd5 Nxd5 16. exd5 Bb5 17. c4 Ba4 18. Rde1 c5 19. Qc3 Qc7 20. g5 Qd8 21. Re2
Re8 22. Reh2 Qe7 23. h4 Qe3+ 24. Qd2 Qxd2+ 25. Kxd2 b5 26. cxb5 Bxb5 27. f5 Bxd3
28. Kxd3 Re5 29. Kc4 Rxf5 30. Re2 Kf8 31. b4 cxb4 32. axb4 Rb8 33. Re4 1-0

[Event "2 x 0"]
[Site "http://www.queenalice.com/game.php?id=1063980"]
[Date "2012.5.25"]
[Round "-"]
[White "DenisDiaz"]
[Black "Slorche"]
[Result "1-0"]
[WhiteElo "1973"]
[BlackElo "1686"]

1. e4 e5 2. Nf3 d6 3. d4 exd4 4. Nxd4 Be7 5. c4 Bd7 6. Be2 Nc6 7. Nxc6 Bxc6 8.
Nc3 Nf6 9. f3 O-O 10. Be3 a6 11. Nd5 Nxd5 12. cxd5 Bd7 13. Qd2 c6 14. dxc6 Bxc6
15. O-O Qd7 16. Rfd1 Rad8 17. Bc4 Qc7 18. Rac1 Qb8 19. Bxa6 bxa6 20. Rxc6 Qb7
21. Rb6 Qa8 22. Qa5 Qa7 23. Rb3 Qa8 24. Rb6 Rb8 25. Rxa6 Qb7 26. Rb6 Qc8 27.
Rxb8 Qxb8 28. b4 Qb7 29. Qb6 Qxb6 30. Bxb6 Rb8 31. Ba5 h6 32. a3 1-0

[Event "Os Vingadores"]
[Site "http://www.queenalice.com/game.php?id=1065075"]
[Date "2012.5.28"]
[Round "-"]
[White "Slorche"]
[Black "spawnwolfwolverine"]
[Result "0-1"]
[WhiteElo "1704"]
[BlackElo "1663"]

1. d4 d5 2. e3 e6 3. Be2 g6 4. Bd2 Bg7 5. Nf3 Nf6 6. Bc3 O-O 7. O-O b6 8. Nbd2
Ba6 9. Bb4 Bxe2 10. Qxe2 Nbd7 11. Bxf8 Qxf8 12. c3 c5 13. Nb3 cxd4 14. exd4 Ne4
15. Qb5 Ndf6 16. Nbd2 Nxd2 17. Nxd2 Bh6 18. Nf3 Ne4 19. Qd3 f5 20. h3 Ng5 21.
Nxg5 Bxg5 22. Qb5 h5 23. Qc6 f4 24. Qxe6+ Kh7 25. Qxd5 Kh6 26. Rfe1 Re8 27. Re5
Rxe5 28. Qxe5 f3 29. g3 h4 30. Re1 hxg3 31. Qxg3 Qf5 32. h4 Bf4 33. Re5 Qb1+ 34.
Kh2 Bxg3+ 35. Kxg3 Qxb2 36. Re3 Qxa2 37. Kxf3 a5 38. Kg3 a4 39. f4 Qd2 0-1

[Event "Festa de São João"]
[Site "http://www.queenalice.com/game.php?id=1065076"]
[Date "2012.5.28"]
[Round "-"]
[White "spawnwolfwolverine"]
[Black "Slorche"]
[Result "1-0"]
[WhiteElo "1644"]
[BlackElo "1723"]

1. d4 d5 2. e3 e6 3. g3 Be7 4. Bg2 Bd7 5. Nf3 Nc6 6. O-O Nf6 7. b3 O-O 8. Ba3
Bxa3 9. Nxa3 a6 10. c4 dxc4 11. Nxc4 Rb8 12. a3 Ne7 13. Nfe5 b5 14. Nxd7 Nxd7
15. Ne5 Nxe5 16. dxe5 Ng6 17. Qxd8 Rfxd8 18. f4 Ne7 19. a4 Rd3 20. axb5 axb5 21.
Rfe1 Rxb3 22. Ra8 Rxa8 23. Bxa8 b4 24. h4 Nf5 25. Kf2 c5 26. h5 g6 27. hxg6 hxg6
28. Bc6 Ne7 29. Bb5 Rc3 30. e4 c4 31. g4 b3 32. f5 gxf5 33. gxf5 b2 34. fxe6 Rc1
35. exf7+ Kxf7 36. Bxc4+ Rxc4 37. Rb1 Rb4 38. Ke2 Ke6 39. Kd3 1-0